01498nam a22001937a 45000010005000000030004000050050017000090080041000260200015000670400018000820500016001001000039001162450084001552600074002393000044003135000021003575050912003786500014012902547HMS20250707095936.0250707e1997 cl a|||frntou 001 0 spa  a9562201481 ahmsbspachms04aWS200bM5411 aMeneghello R., Julio, d1911-eed.10aDiálogos en pediatría / c[ed. por] J. Meneghello R. h[libro]nVolumen XIV aSantiago de Chile :bPublicaciones Técnicas Mediterráneo,cc 1997 a14 vol., 259 páginas :bilustraciones aIncluye índice a1. Prevención de las infecciones por Haemophilus Influenzae B. -- 2. Síndrome nefrótico en la infancia. -- 3. Tétanos en el recién nacido. -- 4. Meningitis neonatal. -- 5. Evaluación inmunológica en pediatría. -- 6. Disentería en niños. -- 7. Hydrops Fetalis. -- 8. Tumores cancerosos mas frecuentes mas frecuentes en pediatría. -- 9. Modelos de atención en pediatría. -- 10. Conceptos generales de medicina. -- 11. Infección por VIH en el niño. -- 12. Problemas actuales de la diálisis aguda en pediatría. -- 13. Infecciones respiratorias aguda como problema de salud publica en la región de las Américas. 14. Enfermedad de Kawasaki. 1997 -- 15. Traumatismo obstétrico. -- 16. Neumonías agudas en el niño. Formas severas. -- 17. Obstrucción de la vía aérea alta en niños. -- 18. La inmunosupresión : riesgo permanente en el paciente oncológico.  7aPediatria